| 000 | 00572cam a22001814a 4500 | ||
|---|---|---|---|
| 001 | 16311553 | ||
| 005 | 20241118185927.0 | ||
| 008 | 100701s2009 gh b 000 0 eng | ||
| 020 | _z9789988960786 | ||
| 050 | 0 | 0 |
_aKRX940 _b.K86 KUM 2009 |
| 100 | 1 | _aKumado, Kofi. | |
| 245 | 1 | 0 |
_aIntroduction to the law of torts in Ghana / _cKofi Kumado. |
| 260 |
_aAccra, Ghana : _bBlack Mask, _c2009. |
||
| 300 |
_axxiii, 259 p. ; _c29 cm. |
||
| 650 | 0 |
_aTorts _zGhana. |
|
| 856 | 4 | 1 |
_3Table of contents only _uhttp://www.loc.gov/catdir/toc/fy11pdf01/2010305483.html |
| 942 |
_2lcc _cBK _n0 |
||
| 999 |
_c1320 _d1320 |
||